000 00320nam a2200145Ia 4500
100 _aRao/P.N/ Tewari/ N.K.
942 _cBK
366 _f15
654 _amanufacturing
245 _aComputer Aided Manufacturing
260 _bTata Mc Graw hill
_c1993
082 _a670.427
_bRAO
300 _a417
546 _aENGLISH
999 _c18785
_d18785